| 000 | 01122nam a2200205Ia 4500 | ||
|---|---|---|---|
| 003 | Ost | ||
| 005 | 20260507075119.0 | ||
| 008 | 260507s9999||||xx |||||||||||||| ||und|| | ||
| 040 | _cfsecg | ||
| 041 | _aara | ||
| 082 | _a330 | ||
| 100 |
_aالنجار، فريد _eمؤلف |
||
| 245 | 0 |
_aإدارة الأعمال الإقتصادية والعالمية : _bمفاتيح التنافسية والتنمية المتواصلة / _c فريد النجار |
|
| 260 |
_aالإسكندرية: _bمؤسسة شباب الجامعة, _c2005 |
||
| 300 |
_a538 صفحة؛ _bإيضاحات ؛ _c24 سم |
||
| 520 | _aعالمية التجارة والأسواق- تطور الإدارة والمهن الإدارية- التخطيط والمعلومات واتخاذ القرارات- الثقافة التنظيمية والتحليل التنظيمي- قياس وتقييم الاداء والرقابة الفعالة- إدارة الأعمال المعاصرة- إدارة العمل الإقتصادي العربي المشترك | ||
| 653 | _aإدارة الأعمال | ||
| 653 | _aالإقتصاد | ||
| 942 | _cكتاب | ||
| 999 |
_c43061 _d43061 |
||